00378 2200157 4500001002100000005001500021035002000036245003600056100001800092300002600110260002800136082000800164084001400172020002200186990001200208INLIS00000000000296320250917020633 a0010-09250003101 aKapan Jadian ? /cAlmaidah Swan0 aAlmaidah Swan a276 hlm ;c13 x 19 cm aJakarta :bZettu,c2013 a813 a813 ALM k a978-602-7999-76-3 a0755670